000 00623nam a22002537a 4500
003 UA-OsUOA
001 25727
007 ta
008 20040426b un ||||| |||| 00| 0 ukr d
100 _aСенченко М.І.
090 _a316.3
_bС31
942 _cBK
040 _aUA-OsUOA
_bukr
_cUA-OsUOA
_dUA-OsUOA
245 _aУкраїна: шляхом незалежності чи неоколонізації?
300 _a120 с.
955 _a0
041 _aukr
080 _a316.3
020 _a966-608-245-4
260 _aКиїв
_bМАУП
_c2003
044 _aUA
650 7 _2UDC
999 _c312027
_d312027